000 00795cam a2200205 a 4500
001 000001902
005 20200929145742.0
008 730912s1969 it a 001 0 ita
040 _aDO-SdBNP
_bspa
_cBNPHU
082 _a303.37245
_bC355a
100 1 _aCasucci, Costanzo.
_96198
245 1 0 _aArchivi di "Giustizia e liberta" (1915-1945) /
_cCostanzo Casucci.
260 _aRoma :
_bMinistero Dell´Interno,
_c1969.
300 _axix, 259 p. :
_bil. ;
_c25 cm.
490 1 _aMinistero dell'interno
490 1 _aPubblicazioni degli archivi di Stato
_vno. 68
610 2 4 _aCUERPOS DE VOLUNTARIOS DE LA LIBERTAD (ITALIA).
_bJUSTICIA Y LIBERTAD
_vBIBLIOGRAFÍA
_96199
830 0 _aMinistero dell'interno :
_pPubblicazioni degli archivi di Stato ;
_vno. 68
_96200
910 _acontrol de calidad Mfileto
999 _c1773
_d1773